| 000 | 00681cam a22002172 4500 | ||
|---|---|---|---|
| 001 | 0000020826 | ||
| 005 | 20151217152222.0 | ||
| 008 | 111019s xx 000 0 eng d | ||
| 020 | _a0070220557 : | ||
| 040 |
_aKABU _cKABU |
||
| 245 | 1 | 0 |
_a20 common problems in gastroenterology / _ceditor, Steven A. Edmundowicz. |
| 250 | _a1st ed. | ||
| 260 |
_aNew York : _bMcGraw- Hill, _c2002. |
||
| 300 | _axv, 317 p. | ||
| 650 | 0 |
_aGastrointestinal diseases _xDiagnosis. _@0000181413 |
|
| 650 | 0 |
_aGastrointestinal diseases _xtherapy. _@0000181414 |
|
| 700 | 1 |
_aEdmundowicz, Steven. _@0000181415 |
|
| 908 | _a111019 | ||
| 950 | _@1 | ||
| 999 |
_c9520 _d9520 |
||